000 00304nam a2200133Ia 4500
008 191201s2009 xx 000 0 und d
100 _aKHERA,Shiv
245 0 _aLiving with Honour
250 _aRep
260 _aN. Delhi
_bMacmillan
_c2009
300 _a202
650 _aGeneral Books
942 _2ddc
_cBK
999 _c4396
_d4396